Central Library OPAC University of Rajshahi

Face the footlights! : (Record no. 16571)

MARC details
000 -LEADER
fixed length control field 00878nam a22002652a 4500
001 - CONTROL NUMBER
control field 16571
003 - CONTROL NUMBER IDENTIFIER
rucl marc code BD-RjUL
005 - DATE AND TIME OF LATEST TRANSACTION
control field 20211209000027.0
008 - FIXED-LENGTH DATA ELEMENTS--GENERAL INFORMATION
fixed length control field 140213s1940 nyua 000 0 eng d
035 ## - SYSTEM CONTROL NUMBER
System control number (BD-RjUL)16626
-- OCLC ocm01478021 from D950623M
040 ## - CATALOGING SOURCE
Original cataloging agency DLC
Transcribing agency JPL
Modifying agency OCL
-- EQO
-- BD-RjUL
Language of cataloging eng
041 ## - LANGUAGE CODE
Language code of text/sound track or separate title eng
082 00 - DEWEY DECIMAL CLASSIFICATION NUMBER
Classification number 792
Author mark and year COF 1940
100 1# - MAIN ENTRY--PERSONAL NAME
Personal name Colvan, Ezekiel Bredin,
Dates associated with a name 1880-
9 (RLIN) 51205
245 10 - TITLE STATEMENT
Title Face the footlights! :
Remainder of title A new and practical approach to acting /
Statement of responsibility, etc. by E. B. (Zeke) Colvan
260 ## - PUBLICATION, DISTRIBUTION, ETC. (IMPRINT)
Place of publication, distribution, etc. New York :
Name of publisher, distributor, etc. Whittlesey house ;
Place of publication, distribution, etc. London :
Name of publisher, distributor, etc. McGraw-Hill book company, inc,
Date of publication, distribution, etc. c1940.
300 ## - PHYSICAL DESCRIPTION
Pagination xv, 318 p. :
Illustrations illus., diagr.
Size 26 cm.
500 ## - GENERAL NOTE
General note Illustrated lining-papers
504 ## - BIBLIOGRAPHY, ETC. NOTE
Bibliography, etc Includes index.
650 #0 - SUBJECT ADDED ENTRY--TOPICAL TERM
Topical term or geographic name as entry element Acting
9 (RLIN) 49089
Topical term or geographic name as entry element Expression
9 (RLIN) 21239
Topical term or geographic name as entry element Theatrical makeup
9 (RLIN) 50572
942 ## - ADDED ENTRY ELEMENTS (KOHA)
Source of classification or shelving scheme Dewey Decimal Classification
Koha item type Books
Holdings
Lost status Source of classification or shelving scheme Damaged status Not for loan Collection code Permanent Location Current Location Shelving location Date acquired Source of acquisition Total Checkouts Full call number Date last seen Copy number Koha item type
  Dewey Decimal Classification   Not For Loan Non-fiction Central Library, University of Rajshahi Central Library, University of Rajshahi Reading Room 26/02/1958 USIS, Dacca.   792 COF 1940 13/02/2014 C-1 Books